Biblioteca y Centro de Documentación

XV Congreso Mundial del Derecho del Trabajo y de la Seguridad Social (Registro nro. 7287)

Detalles MARC
000 -CABECERA
Longitud fija campo de control 01978nam a2200433 c 4500
001 - NÚMERO DE CONTROL
Número de control 7287
003 - IDENTIFICADOR DE NÚMERO DE CONTROL
Identificador del número de control ES-MaCES
005 - FECHA Y HORA DE LA ÚLTIMA TRANSACCIÓN
Fecha y hora de la última transacción 20141221121904.0
008 - CAMPO FIJO DE DESCRIPCIÓN FIJA--INFORMACIÓN GENERAL
Códigos de información de longitud fija   980914m19981998be ||| | eng d
017 ## - NÚMERO DE REGISTRO DE DERECHOS DE AUTOR Y DEPÓSITO LEGAL
Número de copyright o de depósito legal D. 1998-0602-273
Agencia que asigna el número DL
020 ## - ISBN (INTERNATIONAL STANDARD BOOK NUMBER)
Número Internacional Normalizado para Libros (ISBN) 9042905956
035 ## - NÚMERO DE CONTROL DEL SISTEMA
Número de control del sistema CES19980073606m
040 ## - FUENTE DE CATALOGACIÓN
Centro catalogador de origen ES-MaCES
Lengua de catalogación spa
Centro transcriptor ES-MaCES
041 0# - CÓDIGO DE IDIOMA
Código de lengua del texto;banda sonora o título independiente eng
-- fre
-- ger
-- spa
111 2# - ENCABEZAMIENTO PRINCIPAL--NOMBRE DE REUNIÓN
Nombre de congreso o jurisdicción como elemento de entrada Congreso Mundial del Derecho del Trabajo y de la Seguridad Social
Número del congreso o número de parte o sección de la obra 15º
Fecha del congreso 1997
Sede del congreso Buenos Aires
9 (RLIN) 336
245 10 - MENCIÓN DE TÍTULO
Título XV Congreso Mundial del Derecho del Trabajo y de la Seguridad Social
Resto del título = XV World Congress of Labour Law and Social Security : 22-26 September 1997, Buenos Aires-Argentina
Mención de responsabilidad, etc. [organizado por la Sociedad Internacional de Derecho del Trabajo y de la Seguridad Social ; editor, R. Blanpain]
260 ## - PUBLICACIÓN, DISTRIBUCIÓN, ETC (PIE DE IMPRENTA)
Lugar de publicación, distribución, etc. Leuven
Nombre del editor, distribuidor, etc. Peeters
Fecha de publicación, distribución, etc. 1998
300 ## - DESCRIPCIÓN FÍSICA
Extensión 3 v.
Dimensiones 24 cm
500 ## - NOTA GENERAL
Nota general Textos en inglés, francés, alemán y español
505 1# - NOTA DE CONTENIDO FORMATEADA
Nota de contenido con formato Contiene: I. Discriminación en el empleo = Discrimination in employment -- II. Negociación colectiva internacional = International collective bargaining -- III. Los derechos humanos y la Seguridad Social = Human rights and Social Security
541 ## - NOTA DE LA FUENTE INMEDIANTE DE ADQUISICIÓN
Forma de adquisición Compra
650 #4 - ASIENTO SECUNDARIO DE MATERIA--TÉRMINO DE MATERIA
Término de materia o nombre geográfico como elemento inicial discriminación
9 (RLIN) 27180
650 #4 - ASIENTO SECUNDARIO DE MATERIA--TÉRMINO DE MATERIA
Término de materia o nombre geográfico como elemento inicial empleo
9 (RLIN) 28299
650 #4 - ASIENTO SECUNDARIO DE MATERIA--TÉRMINO DE MATERIA
Término de materia o nombre geográfico como elemento inicial negociación colectiva
9 (RLIN) 28362
650 #4 - ASIENTO SECUNDARIO DE MATERIA--TÉRMINO DE MATERIA
Término de materia o nombre geográfico como elemento inicial internacional
9 (RLIN) 26674
650 #4 - ASIENTO SECUNDARIO DE MATERIA--TÉRMINO DE MATERIA
Término de materia o nombre geográfico como elemento inicial derechos humanos
9 (RLIN) 27171
650 #4 - ASIENTO SECUNDARIO DE MATERIA--TÉRMINO DE MATERIA
Término de materia o nombre geográfico como elemento inicial seguridad social
9 (RLIN) 27034
650 #4 - ASIENTO SECUNDARIO DE MATERIA--TÉRMINO DE MATERIA
Término de materia o nombre geográfico como elemento inicial derecho del trabajo
9 (RLIN) 27165
650 #4 - ASIENTO SECUNDARIO DE MATERIA--TÉRMINO DE MATERIA
Término de materia o nombre geográfico como elemento inicial estudio general
9 (RLIN) 28851
650 #4 - ASIENTO SECUNDARIO DE MATERIA--TÉRMINO DE MATERIA
Término de materia o nombre geográfico como elemento inicial nivel regional
9 (RLIN) 30617
650 #4 - ASIENTO SECUNDARIO DE MATERIA--TÉRMINO DE MATERIA
Término de materia o nombre geográfico como elemento inicial conferencia
9 (RLIN) 27013
653 10 - TÉRMINO DE INDEXACIÓN--NO CONTROLADO
Término no controlado Derecho del trabajo y Seguridad Social
700 1# - ENCABEZAMIENTO SECUNDARIO--NOMBRE PERSONAL
Nombre de persona Blanpain, Roger
Término indicativo de función ed. lit.
9 (RLIN) 7877
710 2# - ENCABEZAMIENTO SECUNDARIO--NOMBRE CORPORATIVO
Nombre de entidad o nombre de jurisdicción como elemento inicial Sociedad Internacional de Derecho del Trabajo y de la Seguridad Social
Término indicativo de función col.
9 (RLIN) 5002
711 2# - ENCABEZAMIENTO SECUNDARIO--NOMBRE DE REUNIÓN
Nombre de congreso o nombre de jurisdicción como elemento inicial World Congress of Labour Law and Social Security
Número del congreso o número de parte o sección de la obra 15º
Fecha del congreso 1997
Sede del congreso Buenos Aires, Argentina
9 (RLIN) 337
902 ## - CES. TIPO DE DOCUMENTO
Tipodoc (006$c Sirtex) LIB Libro
942 ## - ELEMENTOS KOHA
Fuente de clasificaión o esquema Clasificación propia del CES
Koha [por defecto] tipo de item Monografías
Parte de clasificación 6.0.1.
Existencias
Número de registro Signatura completa Tipo de item de Koha Número de copia
026858 DPT-7798 Monografías  
026859 DPT-7767 Monografías 0002
026860 DPT-7768 Monografías 0003
© CES, Consejo Económico y Social de España 2021